Разработка четырехроторного беспилотного летательного аппарата; Технологии Microsoft в теории и практике программирования

Dades bibliogràfiques
Parent link:Технологии Microsoft в теории и практике программирования.— 2013.— [С. 35-37]
Autor principal: Гребенников А. А. Андрей Александрович
Autor corporatiu: Национальный исследовательский Томский политехнический университет (ТПУ) Институт кибернетики (ИК) Кафедра интегрированных компьютерных систем управления (ИКСУ)
Altres autors: Репин Д. Н. Дмитрий Николаевич (научный руководитель), Черных А. А. Алексей Андреевич, Леханов А. Г. Александр Геннадьевич
Sumari:Заглавие с титульного листа.
This article describes the control principles of the four rotor unmanned aerial vehicle, its structure and certain design features. Also the article describes features of the “Ardupilot” software installed on this vehicle’s flight controller board.
Idioma:rus
Publicat: 2013
Col·lecció:Автоматизированные системы управления и мехатроника
Matèries:
Accés en línia:http://www.lib.tpu.ru/fulltext/c/2013/C28/010.pdf
Format: MixedMaterials Electrònic Capítol de llibre
KOHA link:https://koha.lib.tpu.ru/cgi-bin/koha/opac-detail.pl?biblionumber=602960

MARC

LEADER 00000naa2a2200000 4500
001 602960
005 20260210134410.0
035 |a (RuTPU)RU\TPU\conf\98 
035 |a RU\TPU\conf\95 
090 |a 602960 
100 |a 20131113d2013 k y0rusy50 ca 
101 0 |a rus 
102 |a RU 
135 |a drcn ---uucaa 
181 0 |a i  
182 0 |a b 
200 1 |a Разработка четырехроторного беспилотного летательного аппарата  |f А. А. Гребенников, Д. Н. Репин, А. А. Черных  |g  науч. рук. А. Г. Леханов 
203 |a Текст  |c электронный 
225 1 |a Автоматизированные системы управления и мехатроника 
300 |a Заглавие с титульного листа. 
320 |a [Библиогр.: с. 37 (3 назв.)] 
330 |a This article describes the control principles of the four rotor unmanned aerial vehicle, its structure and certain design features. Also the article describes features of the “Ardupilot” software installed on this vehicle’s flight controller board. 
337 |a Adobe Reader 
463 1 |0 (RuTPU)RU\TPU\conf\40  |t Технологии Microsoft в теории и практике программирования  |o сборник трудов X Всероссийской научно-практической конференции студентов, аспирантов и молодых ученых, г.Томск, 19-20 марта 2013 г.  |f Национальный исследовательский Томский политехнический университет (ТПУ), Институт кибернетики ; ред. кол. А. В. Лиепиньш и др.  |v [С. 35-37]  |d 2013 
610 1 |a электронный ресурс 
610 1 |a труды учёных ТПУ 
610 1 |a беспилотные летательные аппараты 
610 1 |a разработка 
610 1 |a робототехника 
610 1 |a контроллеры 
700 1 |a Гребенников  |b А. А.  |g Андрей Александрович 
701 1 |a Репин  |b Д. Н.  |g Дмитрий Николаевич 
701 1 |a Черных  |b А. А.  |g Алексей Андреевич 
702 1 |a Леханов  |b А. Г.  |c специалист в области информатики и вычислительной техники  |c заведующий лабораторией Томского политехнического университета  |f 1954-  |g Александр Геннадьевич  |4 727 
712 0 2 |a Национальный исследовательский Томский политехнический университет (ТПУ)  |b Институт кибернетики (ИК)  |b Кафедра интегрированных компьютерных систем управления (ИКСУ)  |3 (RuTPU)RU\TPU\col\18701 
801 2 |a RU  |b 63413507  |c 20230517  |g RCR 
856 4 |u http://www.lib.tpu.ru/fulltext/c/2013/C28/010.pdf 
942 |c BK